| 000 | 00605nam a2200157 a 4500 | ||
|---|---|---|---|
| 001 | 5002 | ||
| 003 | CDMR | ||
| 005 | 20131030111118.0 | ||
| 008 | 130130s1997||||||||||||||||||||||||||||d | ||
| 020 | _a8439343582 | ||
| 040 |
_aCDMR _bcat _cCDMR |
||
| 245 | 0 | 3 |
_aLa celebració dels judicis i el seu tractament per televisió _b: dictamen emès pel Consell de l'Audiovisual de Catalunya : informe sobre el tractament televisiu del judici del crim d'Alcàsser |
| 260 |
_aBarcelona _c1997 _bConsell de l'Audiovisual de Catalunya |
||
| 650 | 0 | 4 |
_94196 _aDelicte en els mitjans de comunicació de massa |
| 942 |
_cMON _2udc |
||
| 999 |
_c5002 _d5002 |
||